| 000 | 00690nam a22002417a 4500 | ||
|---|---|---|---|
| 001 | 32802 | ||
| 003 | UA-OsUOA | ||
| 005 | 20220525154424.0 | ||
| 007 | ta | ||
| 008 | 20050211b un ||||| |||| 00| 0 ukr d | ||
| 040 |
_aUA-OsUOA _brus _cUA-OsUOA _dUA-OsUOA |
||
| 041 | _arus | ||
| 044 | _aRU | ||
| 080 | _a821.133.1 | ||
| 090 |
_a821.133.1 _bА79 |
||
| 100 | _aАрагон Л. | ||
| 245 |
_aСтрастная неделя _bРоман _cЛ. Арагон ; вступ. статья Т. Балашова |
||
| 260 |
_aМосква _bХудожественная литература _c1976 |
||
| 300 |
_a576 с. _bІлюстрації |
||
| 650 | 7 | _2UDC | |
| 942 |
_cBK _2udc |
||
| 955 | _a0 | ||
| 999 |
_c319255 _d319255 |
||